000
00201nam a22000857a 4500
008
170624b xxu||||| |||| 00| 0 eng d
100
_9
3652
_a
CBSE
245
_a
Mathematics lab manual X
260
_b
CBSE
_c
2008
999
_c
7052
_d
7052